Warren E. Burger introduction, (Record no. 44318)
[ view plain ]
| 000 -LEADER | |
|---|---|
| fixed length control field | 01153ctmaa2200277 a 4500 |
| 001 - CONTROL NUMBER | |
| control field | mm 95006319 |
| 003 - CONTROL NUMBER IDENTIFIER | |
| control field | DLC |
| 005 - DATE AND TIME OF LATEST TRANSACTION | |
| control field | 20260227111724.0 |
| 008 - FIXED-LENGTH DATA ELEMENTS--GENERAL INFORMATION | |
| fixed length control field | 950710|||||||||||| 000 0 eng |
| 010 ## - LIBRARY OF CONGRESS CONTROL NUMBER | |
| LC control number | mm 95006319 |
| 040 ## - CATALOGING SOURCE | |
| Original cataloging agency | DLC |
| Transcribing agency | DLC |
| Modifying agency | DLC |
| Description conventions | dacs |
| 072 #7 - SUBJECT CATEGORY CODE | |
| Subject category code | R |
| Source | lcmd |
| 100 1# - MAIN ENTRY--PERSONAL NAME | |
| Personal name | Burger, Warren E., |
| Dates associated with a name | 1907-1995. |
| 245 00 - TITLE STATEMENT | |
| Title | Warren E. Burger introduction, |
| Inclusive dates | 1976. |
| 300 ## - PHYSICAL DESCRIPTION | |
| Extent | 1 |
| Type of unit | item. |
| 506 0# - RESTRICTIONS ON ACCESS NOTE | |
| Terms governing access | Open to research. |
| 520 8# - SUMMARY, ETC. | |
| Summary, etc. | Typescript with holograph corrections of an introduction delivered by Burger of Librarian of Congress Daniel J. Boorstin on Nov. 9, 1976. Typescript derived from a tape recording of remarks as delivered. |
| 545 0# - BIOGRAPHICAL OR HISTORICAL DATA | |
| Biographical or historical data | Chief justice of the United States Supreme Court; died 1995. |
| 546 ## - LANGUAGE NOTE | |
| Language note | Collection material in English. |
| 580 ## - LINKING ENTRY COMPLEXITY NOTE | |
| Linking entry complexity note | Forms part of: Miscellaneous Manuscripts collection. |
| 600 10 - SUBJECT ADDED ENTRY--PERSONAL NAME | |
| Personal name | Boorstin, Daniel J. |
| Fuller form of name | (Daniel Joseph), |
| Dates associated with a name | 1914-2004. |
| 610 20 - SUBJECT ADDED ENTRY--CORPORATE NAME | |
| Corporate name or jurisdiction name as entry element | Library of Congress. |
| 656 #7 - INDEX TERM--OCCUPATION | |
| Occupation | Jurists. |
| Source of term | itoamc |
No items available.